UK Economy & Property Market Chart Book (Record no. 119244)

MARC details
000 -LEADER
fixed length control field 01032cas a22002175 4500
001 - CONTROL NUMBER
control field E148539
008 - FIXED-LENGTH DATA ELEMENTS--GENERAL INFORMATION
fixed length control field 110720s2009 xxkmr w 0 a0eng u
035 ## - SYSTEM CONTROL NUMBER
System control number (Sirsi) u148539
041 0# - LANGUAGE CODE
Language code of text/sound track or separate title eng
110 2# - MAIN ENTRY--CORPORATE NAME
Corporate name or jurisdiction name as entry element Royal Institution of Chartered Surveyors
9 (RLIN) 4900
245 00 - TITLE STATEMENT
Title UK Economy & Property Market Chart Book
Medium [electronic resource]
260 ## - PUBLICATION, DISTRIBUTION, ETC.
Place of publication, distribution, etc. London
Name of publisher, distributor, etc. RICS
Date of publication, distribution, etc. 2009
362 0# - DATES OF PUBLICATION AND/OR SEQUENTIAL DESIGNATION
Dates of publication and/or sequential designation September 2009-
520 ## - SUMMARY, ETC.
Summary, etc. Monthly publication which provides a snapshot of the economy, construction sector, housing market and commercial property, and serves as a calendar of forthcoming property data releases.
554 ## -
-- 12 per year
651 #4 - SUBJECT ADDED ENTRY--GEOGRAPHIC NAME
Geographic name United Kingdom
Chronological subdivision
690 ## - LOCAL SUBJECT ADDED ENTRY--TOPICAL TERM (OCLC, RLIN)
Topical term or geographic name as entry element PROPERTY
856 40 - ELECTRONIC LOCATION AND ACCESS
Uniform Resource Identifier <a href="https://www.rics.org/site/scripts/downloads.aspx?categoryID=738">https://www.rics.org/site/scripts/downloads.aspx?categoryID=738</a>
Public note View the current edition and editions back to January 2010 free of charge at www.rics.org
856 40 - ELECTRONIC LOCATION AND ACCESS
Uniform Resource Identifier <a href="https://www.rics.org/site/scripts/downloads.aspx?categoryID=741">https://www.rics.org/site/scripts/downloads.aspx?categoryID=741</a>
Public note View the September-December 2009 archived editions free of charge at www.rics.org
942 ## - ADDED ENTRY ELEMENTS (KOHA)
Suppress in OPAC 0
Holdings
Withdrawn status Lost status Source of classification or shelving scheme Damaged status Not for loan Home library Current library Shelving location Date acquired Total Checkouts Full call number Barcode Date last seen Price effective from Koha item type
    Dewey Decimal Classification     Virtual Virtual Online 30/09/2009   ONLINE PUBLICATION 148539-2001 06/08/2019 06/08/2019 Journal